000 00622nam a2200265Ia 4500
005 20260121114433.0
008 008 260114s9999 xx 000 0 eng d
020 _a9788126596119
037 _aEBOOK
040 _aCRL
040 _beng
040 _cCRL
041 _2eng
041 _aeng
084 _qCRL
100 _aBarron
_9975057
245 0 _aGame Theory: An Introduction
260 _bWiley
260 _c2020
650 _aOperations Management
_9975058
856 _uhttps://ebooks.wileyindia.com/product-details/284477
942 _cEBOOK
999 _c1554143
_d1554143